Najbogatsze państwa wyspiarskie - Statystyki

Ogólne statystyki
  • Ten quiz został rozwiązany 5 020 razy
  • Średni wynik to 8 z 11
Statystyki odpowiedzi
PKB per capita Państwo % Poprawnych
$56 500 Wielka Brytania
89%
$54 000 Nowa Zelandia
87%
$51 800 Japonia
85%
$145 000 Irlandia
82%
$69 800 Islandia
80%
$61 900 Malta
76%
$54 600 Cypr
71%
$134 000 Singapur
64%
$73 300 Tajwan
61%
$60 600 Bahrajn
36%
$75 600 Brunei
34%
Nie znaleziono quizów pasujących do podanych kryteriów
Rozkład punktacji
Procent ludzi z każdym wynikiem
Percentyl według liczby udzielonych odpowiedzi
Twoja historia wyników
Nie rozwiązałeś tego quizu